000 01074nam a22002657a 4500
005 20170124103014.0
010 _aA-934573
020 _c125.00
035 _aA-934573
037 _bCen Lib/Ret
040 _aDPL
_bHN
082 _a
_bहिंदी
245 _aहिंदी कहानी 1994 /
_cसंपादक राकेश गुप्त [एवं] ऋषिकुमार चतुर्वेदी
246 _aHindi kahani 1994
260 _aअलीगढ
_bग्रंथायन
_c1997
270 _aसर्वोदय नगर सासनी गेट
_bअलीगढ
_e202001
300 _a190पृष्ठ.
_c20(सजिल्द)
650 _aहिंदी साहित्य
_9139303
650 _a हिंदी कहानी
_9139304
650 _ahindi literature
_9139305
650 _aHindi Story
_943117
700 _aगुप्त , राकेश
_9139306
700 _aचतुर्वेदी, ऋषिकुमार
_945019
942 _2ddc
_cHN
_h
_mहिंदी
999 _c114833
_d114833